Mẫu câu cơ bản Tiếng Nhật trong giao tiếp : コミュニケーションにおける日本語の基本的な文章のサンプル /

में बचाया:
ग्रंथसूची विवरण
मुख्य लेखक: Bara, Matsu
स्वरूप: पुस्तक
प्रकाशित: Hà nội : Thanh niên, 2005.
विषय:
टैग : टैग जोड़ें
कोई टैग नहीं, इस रिकॉर्ड को टैग करने वाले पहले व्यक्ति बनें!
Thư viện lưu trữ: Mạng thư viện Đại học Đà Nẵng
LEADER 01159nam a22003131a 4500
001 000038632
003 14927
005 20210409093415.0
008 160412s2005 000
020 |c 30000 
040 |a lnn  |b lnn 
041 |a jan 
082 1 4 |a 495.6.4  |b BA-M 
100 1 |a Bara, Matsu 
245 0 |a Mẫu câu cơ bản Tiếng Nhật trong giao tiếp :  |b コミュニケーションにおける日本語の基本的な文章のサンプル /  |c Matsu Bara. 
260 |a Hà nội :  |b Thanh niên,  |c 2005. 
300 |a 241tr . ; :  |b mh. ;  |c 20,5cm. 
650 4 |a giao tiếp Nhật  |x Tiếng Nhật 
653 |a giao tiếp Nhật  |a Tiếng Nhật 
OWN |a LNN 
902 1 |a TKN 
AVA |a UDN50  |b LNN  |c Japanese-Korean-Thailander  |d 495.6.4 BA-M  |e available  |t Error 5001 Not defined in file expand_doc_bib_avail.  |f 4  |g 0  |h N  |i 0  |j HN 
999 |a From the UDN01 
AVA |a UDN50  |b LNN  |c Japanese-Korean-Thailander  |d 495.6.4 BA-M  |e available  |t Error 5001 Not defined in file expand_doc_bib_avail.  |f 4  |g 0  |h N  |i 0  |j HN 
TYP |a Monograph 
980 |a Mạng thư viện Đại học Đà Nẵng